| 000 | 00787nam a22002057a 4500 | ||
|---|---|---|---|
| 005 | 2010072205365.0 | ||
| 010 | _aENG-96691 | ||
| 020 |
_a9789380388076 _c795.00 |
||
| 035 | _aEN-80224 | ||
| 037 | _bDBAD/PUB | ||
| 082 | _a658.3 | ||
| 100 |
_aChopra, J.K. _9790 |
||
| 245 |
_aHuman resource management: _cby J.K. Chopra _ba contemporary approach / |
||
| 260 |
_aNew Delhi _bD.P.S. Publishing House _c2010 |
||
| 270 |
_bNew Delhi _e110002 _aRoom No.213, 7/28, Mahavir street, Ansari Road, Darya Ganj, |
||
| 300 |
_aviii, 264 p. _c23 cm (Hb) |
||
| 500 | _aincludes bilbliographical references and index | ||
| 942 |
_2ddc _cEN _mCHO _h658.3 |
||
| 999 |
_c37277 _d37277 |
||